Loading...
| Current Events | 1 | 20.00 | 100% | 0% | 100% |
| Fine Arts - Classical Music | 2 | 5.00 | 50% | 0% | 0% |
| Fine Arts - Other | 4 | 15.00 | 100% | 50% | 0% |
| Fine Arts - Painting and Sculpture | 4 | 7.50 | 75% | 0% | 0% |
| History - American | 5 | 6.00 | 60% | 0% | 0% |
| History - European | 2 | 15.00 | 100% | 0% | 50% |
| History - Other | 2 | 5.00 | 50% | 0% | 0% |
| History - World | 4 | 5.00 | 50% | 0% | 0% |
| Literature - American | 3 | 13.33 | 67% | 33% | 33% |
| Literature - British | 2 | 10.00 | 50% | 50% | 0% |
| Literature - European | 4 | 7.50 | 75% | 0% | 0% |
| Literature - World | 1 | 0.00 | 0% | 0% | 0% |
| Mythology | 2 | 15.00 | 50% | 50% | 50% |
| Philosophy | 2 | 15.00 | 50% | 100% | 0% |
| Pop Culture | 1 | 20.00 | 100% | 100% | 0% |
| Religion | 4 | 17.50 | 100% | 50% | 25% |
| Science - Biology | 2 | 10.00 | 100% | 0% | 0% |
| Science - Chemistry | 2 | 10.00 | 100% | 0% | 0% |
| Science - Other | 5 | 8.00 | 80% | 0% | 0% |
| Science - Physics | 4 | 12.50 | 100% | 25% | 0% |
| Social Science | 1 | 10.00 | 100% | 0% | 0% |